| 000 | 00506nam a2200181Ia 4500 | ||
|---|---|---|---|
| 001 | 8865 | ||
| 005 | 20260306160641.0 | ||
| 008 | 260306t2016||||xx |||||||||||||| ||spa|| | ||
| 041 | _aESP | ||
| 082 |
_a371.782 _bC48 |
||
| 100 |
_aCerezo Ramírez, Fuensanta _eAUT |
||
| 245 | 0 |
_aLa violencia en las relaciones entre escolares: _bclaves para entender, evaluar e intervenir en bullying |
|
| 260 | _c2016 | ||
| 300 |
_a227 páginas : _c23 cm. |
||
| 650 | _aGEN | ||
| 654 | _aCED | ||
| 942 |
_cLIB _dJUS _fJUS _2ddc _n |
||
| 999 |
_c8865 _d8865 |
||